[Event "IECG QN.2001.0.00188"]
[Site "IECG email"]
[Date "2001.07.28"]
[Round "?"]
[White "Bordukalo, Roman"]
[Black "Guerra, Karion"]
[Result "1-0"]
[WhiteElo "800"]
[BlackElo "800"]
[PlyCount "23"]
[EventDate "2001.07.28"]
[EventType "tourn (corr)"]
[EventRounds "6"]
[SourceTitle "Corr 2008"]
[Source "ChessBase"]
[SourceDate "2008.06.24"]
[SourceVersion "1"]
[SourceVersionDate "2008.06.24"]
[SourceQuality "1"]

1. d4 e6 2. c4 Nc6 3. Nc3 d5 4. Nf3 dxc4 5. e4 Na5 6. Qa4+ Nc6 7. d5 b5 8. Qxb5 Bd7 9. dxc6 Rb8 10. cxd7+ Ke7 11. Qc6 Nf6 12. Bxc4 1-0

[Event "IECG QN.2001.0.00188"]
[Site "IECG email"]
[Date "2001.07.28"]
[Round "?"]
[White "Larson, John"]
[Black "Guerra, Karion"]
[Result "1-0"]
[WhiteElo "800"]
[BlackElo "800"]
[PlyCount "24"]
[EventDate "2001.07.28"]
[EventType "tourn (corr)"]
[EventRounds "6"]
[SourceTitle "Corr 2008"]
[Source "ChessBase"]
[SourceDate "2008.06.24"]
[SourceVersion "1"]
[SourceVersionDate "2008.06.24"]
[SourceQuality "1"]

1. e4 e5 2. Nf3 Nf6 3. Nxe5 Nxe4 4. Qe2 d5 5. d3 f6 6. Nf3 Qe7 7. dxe4 dxe4 8. Nd4 Qe5 9. Be3 a6 10. Nd2 c5 11. f4 Qd6 12. N4b3 Nc6 1-0